Normal view
MARC view
- الادب العربي-دراسات في الادب العربي الحديث
Entry Topical Term
001 - CONTROL NUMBER
- control field: 24402
003 - CONTROL NUMBER IDENTIFIER
- control field: JO-AjAnu
005 - DATE AND TIME OF LATEST TRANSACTION
- control field: 20230606074201.0
008 - FIXED-LENGTH DATA ELEMENTS
- fixed length control field: 230606|| aca||aabn | a|a d
040 ## - CATALOGING SOURCE
- Original cataloging agency: JO-AjAnu
- Transcribing agency: JO-AjAnu
150 ## - HEADING--TOPICAL TERM
- Topical term or geographic name entry element: الادب العربي-دراسات في الادب العربي الحديث
670 ## - SOURCE DATA FOUND
- Source citation: Work cat.: (JO-AjAnu)12547: تاليف الحمداني،سالم أحمد؛م.مشارك محمدأحمد ربيع, author 24401, دراسات في الأدب العربي الحديث، ج1